Szczegóły MARC21

McGraw-Hill’s GMAT : 2014 edition /

005 -DATA I CZAS OSTATNIEJ MODYFIKACJI [,]
    • @
    • pole kontrolne
    • 20140520114339.0
020 -Międzynarod. znormalizowany nr książki - ISBN [ , ]
    • a
    • Numer ISBN
    • 9780071821438 Find
020 -Międzynarod. znormalizowany nr książki - ISBN [ , ]
    • a
    • Numer ISBN
    • 0071821430 (MHID) Find
020 -Międzynarod. znormalizowany nr książki - ISBN [ , ]
    • a
    • Numer ISBN
    • 9780071821469 (book for set) Find
020 -Międzynarod. znormalizowany nr książki - ISBN [ , ]
    • a
    • Numer ISBN
    • 0071821465 (MHID) Find
020 -Międzynarod. znormalizowany nr książki - ISBN [ , ]
    • a
    • Numer ISBN
    • 9780071821445 (book alone) Find
020 -Międzynarod. znormalizowany nr książki - ISBN [ , ]
    • a
    • Numer ISBN
    • 0071821449 (MHID) Find
020 -Międzynarod. znormalizowany nr książki - ISBN [ , ]
    • a
    • Numer ISBN
    • 9780071821490 (ebook and CD set) Find
020 -Międzynarod. znormalizowany nr książki - ISBN [ , ]
    • a
    • Numer ISBN
    • 007182149X (eMHID) Find
020 -Międzynarod. znormalizowany nr książki - ISBN [ , ]
    • a
    • Numer ISBN
    • 9780071821452 (ebook alone) Find
020 -Międzynarod. znormalizowany nr książki - ISBN [ , ]
    • a
    • Numer ISBN
    • 0071821457 (eMHID) Find
020 -Międzynarod. znormalizowany nr książki - ISBN [ , ]
    • a
    • Numer ISBN
    • 9780071819480 (enhanced ebook and CD set) Find
020 -Międzynarod. znormalizowany nr książki - ISBN [ , ]
    • a
    • Numer ISBN
    • 0071819487 (eMHID) Find
020 -Międzynarod. znormalizowany nr książki - ISBN [ , ]
    • a
    • Numer ISBN
    • 9780071821483 (enhanced ebook alone) Find
020 -Międzynarod. znormalizowany nr książki - ISBN [ , ]
    • a
    • Numer ISBN
    • 0071821481 (eMHID) Find
040 -Instytucja sporządzająca opis [ , ]
    • a
    • Instytucja, która sporządziła opis (NP)
    • SZCZ U/SA
    • c
    • Instytucja, która sporządziła rekord (NP)
    • SZCZ U/SA
    • d
    • Instytucja, która zmodyfikowała rekord (P)
    • SZCZ U/JŚ
041 -Język dokumentu [0, ]
    • a
    • Język tekstu (P)
    • angielski
044 -Kraj miejsca wydania [ , ]
    • a
    • Kraj miejsca wydania
    • USA
942 -Rodzaj dokumentu [ , ]
    • c
    • Rodzaj dokumentu
    • Książka
100 -Hasło główne - nazwa osobowa [1, ]
    • 9
    • KHW
    • 70765
    • a
    • Nazwa osobowa (NP)
    • Hasik, James.
245 -Strefa tytułu i oznaczenia odpowiedzialności [1,0]
    • a
    • Tytuł
    • McGraw-Hill’s GMAT : Find
    • b
    • Ciąg dalszy tytułu (NP)
    • 2014 edition / Find
    • c
    • Pozostałe elementy strefy tytułu i oznaczenia odpowiedzialności (NP)
    • James Hasik, Stacy Rudnick, and Ryan Hackney..
260 -Strefa adresu wydawniczego [ , ]
    • a
    • Miejsce wydania (P)
    • New York [etc.] :
    • b
    • Nazwa wydawcy (P)
    • McGraw-Hill Education,
    • c
    • Data wydania (P)
    • cop. 2013.
300 -Strefa opisu fizycznego [ , ]
    • a
    • Określenie formy książki i/lub objętość (NP)
    • XIII, 473 s., [4] k. :
    • b
    • Oznaczenie ilustracji (NP)
    • il. ;
    • c
    • Format (NP)
    • 27 cm.
080 -Uniwersalna Klasyfikacja Dziesiętna [ , ]
    • 2
    • Identyfikator wydania tablic
    • UDC-P058
    • 9
    • UKD
    • 2164
    • a
    • Symbol klasyfikacji
    • 005
    • b
    • Dopowiedzenie
    • Zarządzanie.
    • 4
    • UKD2
    • 8603
    • x
    • Poddział wspólny
    • (079)
    • c
    • Dopowiedzenie poddz. wspólnego
    • (Materiały dotyczące konkursów, egzaminów, testów).
    • 4
    • UKD2
    • 7644
    • x
    • Poddział wspólny
    • =111
    • c
    • Dopowiedzenie poddz. wspólnego
    • =Język angielski.
980 -Symbol UKD [ , ]
    • a
    • UKD
    • 005(079)=111
700 -Hasło dodatkowe - nazwa osobowa [1, ]
    • 9
    • KHW
    • 70766
    • a
    • Nazwa osobowa (NP)
    • Rudnick, Stacey. Find
700 -Hasło dodatkowe - nazwa osobowa [1, ]
    • 9
    • KHW
    • 70767
    • a
    • Nazwa osobowa (NP)
    • Hackney, Ryan. Find
710 -Hasło dodatkowe - nazwa ciała zbiorowego [2, ]
    • 4
    • Kod relacji
    • pbl
    • 9
    • KHW
    • 68864
    • a
    • Nazwa ciała zbiorowego lub nazwa geograficzna jako pierwszy element (NP)
    • McGraw-Hill Education.
920 -ISBN [ , ]
    • a
    • ISBN
    • 978-0-07-182143-8 (book and CD set) Find
920 -ISBN [ , ]
    • a
    • ISBN
    • 0-07-182143-0 (MHID) Find
920 -ISBN [ , ]
    • a
    • ISBN
    • 978-0-07-182146-9 (book for set) Find
920 -ISBN [ , ]
    • a
    • ISBN
    • 0-07-182146-5 (MHID) Find
920 -ISBN [ , ]
    • a
    • ISBN
    • 978-0-07-182144-5 (book alone) Find
920 -ISBN [ , ]
    • a
    • ISBN
    • 0-07-182144-9 (MHID) Find
920 -ISBN [ , ]
    • a
    • ISBN
    • 978-0-07-182149-0 (e-book and CD set) Find
920 -ISBN [ , ]
    • a
    • ISBN
    • 0-07-182149-X (e-MHID) Find
920 -ISBN [ , ]
    • a
    • ISBN
    • 978-0-07-182145-2 (e-book alone) Find
920 -ISBN [ , ]
    • a
    • ISBN
    • 0-07-182145-7 (e-MHID) Find
920 -ISBN [ , ]
    • a
    • ISBN
    • 978-0-07-181948-0 (enhanced e-book and CD set) Find
920 -ISBN [ , ]
    • a
    • ISBN
    • 0-07-181948-7 (e-MHID) Find
920 -ISBN [ , ]
    • a
    • ISBN
    • 978-0-07-182148-3 (enhanced e-book alone) Find
920 -ISBN [ , ]
    • a
    • ISBN
    • 0-07-182148-1 (e-MHID) Find
Sygnatura Numer inwentarzowy Status udost. Data inwentaryzacji Lokalizacja
T.15405T.15405-22014-03-12T